000 02281nam a22004577a 4500
001 431
003 FISKH
005 20231211145432.0
008 230420b cb ||||| |||| 00| 0 eng d
020 _a9780531289990
040 _aDLC
_cDLC
_dIG#
_dP@N
_dGPI
_dFN4
_dVHP
_dEHH
_dEINCP
_dDLC
_dFISKH
042 _alcac
_apcc
043 _anm-----
050 0 0 _aTD427.P4
_bB45 2011
082 0 0 _a363.738/20916364
_222
100 1 _aBenoit, Peter,
_d1955-
245 1 4 _aThe BP oil spill /
_cPeter Benoit.
260 _aNew York :
_bChildren's Press,
_c2011.
300 _a48 p. :
_bcol. ill., col. map ;
_c22 cm.
490 1 _aA true book
504 _aIncludes bibliographical references (p. 44) and index.
505 0 _aU
505 0 _aTrouble in the gulf : what happened to the Deepwater Horizon? -- Deep water disaster : what problems did the rig have before the explosion? -- From bad to worse : what caused the oil slick to spread? -- Cleanup : what was done to clean up the oil spill? -- After the spill : will the oil be with us forever? -- True statistics -- Important words.
520 _aPhotographs, maps, time lines, and easy-to-follow text describe the events surrounding the 2010 British Petroleum oil spill in the Gulf of Mexico.
521 8 _a950
_bLexile
521 8 _aU
_bRaz-Plus
610 2 0 _aBP (Firm)
_vJuvenile literature.
610 2 1 _aBP (Firm).
650 0 _aBP Deepwater Horizon Explosion and Oil Spill, 2010
_vJuvenile literature.
650 0 _aOil spills
_zMexico, Gulf of
_xHistory
_y21st century
_vJuvenile literature.
650 0 _aOil spills
_xEnvironmental aspects
_zMexico, Gulf of
_xHistory
_y21st century
_vJuvenile literature.
650 0 _aOil wells
_zMexico, Gulf of
_xBlowouts
_xHistory
_y21st century
_vJuvenile literature.
650 1 _aBP Deepwater Horizon Explosion and Oil Spill, 2010.
650 1 _aOil spills
_zMexico, Gulf of
_xHistory
_y21st century.
650 1 _aOil spills
_xEnvironmental aspects
_zMexico, Gulf of
_xHistory
_y21st century.
650 1 _aOil wells
_zMexico, Gulf of
_xBlowouts
_xHistory
_y21st century.
830 0 _aTrue book.
906 _a7
_bcbc
_corignew
_d1
_eecip
_f20
_gy-gencatlg
942 _2ddc
_cBK
_n0
999 _c431
_d431